Statistics for Best RB from every draft class since 2000

Click here to take the quiz!

General Stats

  • This quiz has been taken 19 times
    (11 since last reset)
  • The average score is 10 of 22

Answer Stats

YearQB% Correct
2008Chris Johnson
82%
2016Derrick Henry
82%
2007Adrian Peterson
73%
2011DeMarco Murray
73%
2015Todd Gurley
64%
2017Alvin Kamara
55%
2005Frank Gore
55%
2020Jonathan Taylor
55%
2019Josh Jacobs
55%
2001LaDainian Tomlinson
55%
2004Steven Jackson
55%
2021Najee Harris
45%
2018Nick Chubb
45%
2000Shaun Alexander
45%
2009Lesean McCoy
36%
2002Brian Westbrook
27%
2013Le'Veon Bell
27%
2006Maurice Jones-Drew
18%
2014Devonta Freeman
9%
2003Larry Brown
9%
2010Ryan Matthews
9%
2012Lamar Miller
0%

Score Distribution

Percentile by Number Answered

Percent of People with Each Score

Your Score History

You have not taken this quiz since the last reset